00832nam a2200217 i 450000100060000000300090000600500170001500700030003200800410003508000340007608000190011010000290012924500840015826000470024230000410028960000520033065100710038285200220045399900170047595201220049272888ES-MaACL20250928133410.0t|040903s1967 sp ||||1| spa d a929 Pinzón, Martín Alonso a910.4(7/8)"14"1 aGómez, Domingo.95775510aQuién fue y qué hizo Martín Alonso Pinzón / cDomingo Gómez, "Flery". aHuelva : b[s.n., c1967] (fTip. Girón) a170 p., [10] h. de lám. ; c21 cm.14aPinzón, Martín Alonso, d1440?-14939174385 4aAmérica-xDescubrimientos y exploraciones-xEspañoles.91383244 aES-MaACLjC-31877 c72888d72888 00104070aATENEOMbATENEOMcDEPO2d2008-01-17eSCl0oC-31877p1076298r2023-02-23 00:00:00w2023-02-23yMONOGRAFIA